| 000 | 01148nam a2200301 a 4500 | ||
|---|---|---|---|
| 001 | ebr10302411 | ||
| 003 | CaPaEBR | ||
| 006 | m u | ||
| 007 | cr cn||||||||| | ||
| 008 | 091008s2007 ne a sb 000 0 eng d | ||
| 020 | _z9789056294946 | ||
| 020 | _z9789048501984 | ||
| 040 |
_aCaPaEBR _cCaPaEBR |
||
| 035 | _a(OCoLC)310981599 | ||
| 043 | _ae------ | ||
| 050 | 1 | 4 |
_aHT325 _b.R46 2007eb |
| 100 | 1 | _aRennen, Ward. | |
| 245 | 1 | 0 |
_aCityEvents _h[electronic resource] : _bplace selling in a media age / _cWard Rennen. |
| 260 |
_aAmsterdam : _bVossiuspers UvA : _bAmsterdam University Press, _cc2007. |
||
| 300 |
_a275 p. : _bill. |
||
| 504 | _aIncludes bibliographical references. | ||
| 533 |
_aElectronic reproduction. _bPalo Alto, Calif. : _cebrary, _d2013. _nAvailable via World Wide Web. _nAccess may be limited to ebrary affiliated libraries. |
||
| 650 | 0 |
_aCity promotion _zEurope. |
|
| 650 | 0 |
_aSports _zEurope _xMarketing. |
|
| 655 | 7 |
_aElectronic books. _2local |
|
| 710 | 2 | _aebrary, Inc. | |
| 856 | 4 | 0 |
_uhttp://site.ebrary.com/lib/rucke/Doc?id=10302411 _zAn electronic book accessible through the World Wide Web; click to view |
| 999 |
_c171082 _d171082 |
||